000
00320nam a22001457a 4500
008
210518b ||||| |||| 00| 0 eng d
020
_a
0155250019
041
_a
eng
080
_2
2nd
_a
33
082
_a
33
100
_a
52
101
_a
EKO
245
_a
The Evolution of Economic Thought
_c
Oser,J
942
_2
udc
_c
BK
999
_c
57448
_d
57448